Iskolakultúra. - 20. évf. (2010) 4. sz. melléklet
Elmentve itt :
| Dokumentumtípus: | Folyóirat |
|---|---|
| Megjelent: |
2010
|
| Sorozat: | Iskolakultúra
20 No. 4 |
| Online Access: | http://misc.bibl.u-szeged.hu/45388 |
| LEADER | 00494nas a2200145 i 4500 | ||
|---|---|---|---|
| 001 | misc45388 | ||
| 005 | 20191106140557.0 | ||
| 008 | 180828s2010 hu o 0|| zxx d | ||
| 022 | |a 1215-5233 | ||
| 040 | |a SZTE Miscellanea Repozitórium |b hun | ||
| 041 | |a zxx | ||
| 245 | 0 | 0 | |a Iskolakultúra. - 20. évf. (2010) 4. sz. melléklet |h [elektronikus dokumentum] |
| 260 | |c 2010 | ||
| 490 | 0 | |a Iskolakultúra |v 20 No. 4 | |
| 856 | 4 | 0 | |u http://misc.bibl.u-szeged.hu/45388/1/iskolakultura_2010_004_mell2.pdf |z Dokumentum-elérés |